| 000 | 00000cam 2200000zi 4500 |
| 001 | 9.950539 |
| 003 | CaOODSP |
| 005 | 20260605125813 |
| 006 | m o d f |
| 007 | cr mn||||||||| |
| 008 | 250428t20252025onc o f000 0 eng d |
| 020 | |a9780660770550 |
| 040 | |aCaOODSP|beng|erda|cCaOODSP |
| 043 | |an-cn--- |
| 086 | 1 |aBT31-8/2025E-PDF|zBT31-8E-PDF |
| 245 | 00|aStatement on the use of Governor General special warrants. |
| 264 | 1|aOttawa, Ontario : |bTreasury Board of Canada Secretariat = Secrétariat du Conseil du trésor du Canada, |c2025. |
| 264 | 4|c©2025 |
| 300 | |a1 online resource (181 pages) |
| 336 | |atext|btxt|2rdacontent |
| 337 | |acomputer|bc|2rdamedia |
| 338 | |aonline resource|bcr|2rdacarrier |
| 500 | |aCover title. |
| 500 | |aIssued also in French under title: Rapport sur l'utilisation des mandates spéciaux du gouverneur général. |
| 500 | |a"Published: 2025-06-09." |
| 500 | |aIncorrect catalogue number (BT31-8E-PDF) copied in this edition. |
| 520 | |a"Governor General Special Warrants (Special Warrants) are the established instrument for obtaining supply when Parliament is dissolved for the purposes of a general election. As such, Special Warrants make it possible for the core operations of government to continue even though Parliament is not sitting, and the normal supply process has been interrupted. This document summarizes the issue of Special Warrants used to fund the operations of government during the period from April 1 to June 29, 2025"--page 1. |
| 650 | 0|aFinance, Public|zCanada. |
| 650 | 0|aSpecial funds|zCanada. |
| 651 | 0|aCanada|xAppropriations and expenditures. |
| 710 | 1 |aCanada. |bTreasury Board, |eissuing body. |
| 775 | 08|tRapport sur l'utilisation des mandates spéciaux du gouverneur général.|w(CaOODSP)9.950541 |
| 856 | 40|qPDF|s1.40 MB|uhttps://publications.gc.ca/collections/collection_2026/sct-tbs/BT31-8-2025-eng.pdf |
| 856 | 4 |qHTML|sN/A|uhttps://www.canada.ca/en/treasury-board-secretariat/services/planned-government-spending/governor-general-special-warrants/statement-governor-general-special-warrants-2025-26.html |